00430nam a2200121Ia 4500008004100000100001900041245006500060245003500125260000900160856004700169999001900216952007300235160531s9999 xx 000 0 und d aBengt, Friman. aIntroduction to the physics of hot and dense hadronic matter cby Bengt Friman & Jörn Knoll c2012 uhttp://theory.gsi.de/~knoll/Lecture-notes/ c295241d295241 001040aCLbCLd2016-05-31l0r2016-05-31 00:00:00w2016-05-31yCBE